000 00621cam a2200217 a 4500
001 13518982
005 20250226193156.0
008 040311s2005 maua b 001 0 eng
020 _a0072885742 (pbk. : alk. paper)
050 0 0 _aBF575.S75
_bB57 2005
082 0 0 _a155.9/042
_222
100 1 _aBlonna, Richard.
245 1 0 _aCoping with stress in a changing world /
_cRichard Blonna.
250 _a3rd ed.
260 _aBoston :
_bMcGraw-Hill,
_cc2005.
300 _axv, 380 p. :
_bill. ;
_c28 cm.
500 _aIncludes Index
650 0 _aStress (Psychology)
650 0 _aStress management.
942 _2lcc
_cBK
_n0
999 _c4392
_d4392